000 00708nam a2200277Ia 4500
005 20260324133937.0
008 008 260324s9999 xx 000 0 eng d
020 _a9781315782379
037 _aEBOOK
040 _aCRL
040 _beng
040 _cCRL
041 _2eng
041 _aeng
084 _qCRL
100 _aWayne D. Gray; Christian D. Schunn
_91194976
245 0 _aProceedings of the Twenty-fourth Annual Conference of the Cognitive Science Society
260 _bTaylor and Francis
260 _c2002
365 _a
365 _b77.99
856 _uhttp://www.taylorfrancis.com/books/9781315782379
942 _cEBOOK
999 _c1794557
_d1794557